Normal view
MARC view
- MOBILE WIMAX.WIRELESS NETWORKS , MOBILE COMMUNICATION.IEEE 802.16-STANDARD , .WIRELESS METROPOLITAN AREA NETWORKS
Entry Topical Term
001 - CONTROL NUMBER
- control field: 64480
003 - CONTROL NUMBER IDENTIFIER
- control field: NUST
005 - DATE AND TIME OF LATEST TRANSACTION
- control field: 20210628203301.0
008 - FIXED-LENGTH DATA ELEMENTS
- fixed length control field: 210628|| aca||aabn | a|a d
040 ## - CATALOGING SOURCE
- Original cataloging agency: NUST
- Transcribing agency: NUST
150 ## - HEADING--TOPICAL TERM
- Topical term or geographic name entry element: MOBILE WIMAX.WIRELESS NETWORKS , MOBILE COMMUNICATION.IEEE 802.16-STANDARD , .WIRELESS METROPOLITAN AREA NETWORKS
670 ## - SOURCE DATA FOUND
- Source citation: Work cat.: (NUST): Zhang, Yan , Chen, Hsiao-Hwa 64479, Mobile wimax , toward bradband wireless metropolitan area networks, 2008
